000 00326nam a22001337a 4500
082 _a894.812.3
_bTHA/K
100 _aTHANNIPPUZHA,SATHYAN
245 _aKUTTIKALKKULLA RASAKARAMAYA KATHAKAL
250 _aFOURTH
260 _aTHRISSUR
_bH&C PUBLISHING HOUSE
_c2008
300 _a80
650 _aSHORT STORY
_zKERALA
942 _cBK
999 _c1409
_d1409